[Event "Challenge"]
[Site "http://www.queenalice.com/game.php?id=57738"]
[Date "2006.3.16"]
[Round "-"]
[White "thegreatzidane"]
[Black "vadimgulca"]
[Result "1-0"]
[WhiteElo "1845"]
[BlackElo "1724"]

1. e4 c5 2. Nf3 g6 3. d4 cxd4 4. Nxd4 Nc6 5. Nc3 Bg7 6. Be3 Nf6 7. f3 d6 8. Qd2
O-O 9. Bc4 Bd7 10. O-O-O Nxd4 11. Bxd4 Qc8 12. Bb3 a5 13. a4 Ra6 14. h4 e5 15.
Be3 Be6 16. Bxe6 fxe6 17. g4 h5 18. gxh5 gxh5 19. Rdg1 Kf7 20. Qg2 Rg8 21. Qg6+
Kf8 22. Bh6 Bxh6+ 23. Qxh6+ Kf7 24. Rg5 Qf8 25. Qxf8+ Kxf8 26. Nb5 Ke7 27. Rxg8
Nxg8 28. Rg1 Kf7 29. Nc7 Rc6 30. Nxe6 Kxe6 31. Rxg8 Rc4 32. Rg5 Rxa4 33. Kb1 d5
34. exd5+ Kxd5 35. Rxh5 Rf4 36. Rh7 b6 37. h5 Rxf3 38. h6 Rh3 39. Rh8 Ke4 40. h7
a4 41. Ka2 b5 42. c3 Rh1 43. Ka3 Rh2 44. b3 axb3 45. Kxb3 Rh4 46. Kb4 Kf5+ 47.
Kxb5 Kg6 48. Re8 Rxh7 49. Rxe5 Kf6 50. Re1 Rb7+ 51. Kc6 Rb8 52. Kc7 Rb5 53. Rc1
Rc5+ 54. Kd6 Rc4 55. Kd5 Rc8 56. c4 Ke7 57. c5 Kd7 58. Re1 Rc7 59. Rc1 Rc8 60.
c6+ Kc7 61. Rb1 Rb8 62. Rxb8 Kxb8 63. Kd6 1-0

[Event "Challenge"]
[Site "http://www.queenalice.com/game.php?id=57845"]
[Date "2006.3.16"]
[Round "-"]
[White "thegreatzidane"]
[Black "Andy"]
[Result "1-0"]
[WhiteElo "1808"]
[BlackElo "1416"]

1. e4 e5 2. Nf3 Nc6 3. Bb5 Bc5 4. c3 Nf6 5. O-O O-O 6. Re1 d6 7. d4 exd4 8. cxd4
Bb6 9. Bg5 h6 10. Bh4 g5 11. Bg3 Bg4 12. d5 Ne7 13. h3 Bh5 14. h4 c6 15. dxc6
bxc6 16. hxg5 hxg5 17. Qxd6 Qxd6 18. Bxd6 Rfe8 19. Bxe7 Rxe7 20. Bxc6 Rc8 21.
Bb5 g4 22. Nfd2 Bg6 23. Nc4 Bxe4 24. Nxb6 axb6 25. Nc3 Rc5 26. Rac1 Kf8 27. Nxe4
Nxe4 28. Rxc5 Nxc5 29. Rxe7 Kxe7 30. Kf1 f5 31. Ke2 Kf6 32. Ke3 Kg5 33. b4 Ne6
34. Bd7 Nf4 35. Bc6 Ne6 36. a4 f4+ 37. Ke4 g3 38. fxg3 fxg3 39. Ke5 Nf4 40. Kd4
Kf6 41. Kc4 Ke5 42. Kb5 Kd4 43. Kxb6 Ke3 44. a5 Kf2 45. a6 Nxg2 46. a7 Ne3 47.
a8=Q g2 48. Bxg2 Nxg2 49. b5 1-0

[Event "Challenge"]
[Site "http://www.queenalice.com/game.php?id=57846"]
[Date "2006.3.16"]
[Round "-"]
[White "thegreatzidane"]
[Black "SGrillo"]
[Result "1-0"]
[WhiteElo "1500"]
[BlackElo "1667"]

1. e4 e5 2. Nf3 d6 3. Bc4 h6 4. O-O Qf6 5. Nc3 c6 6. d4 exd4 7. Nxd4 Nd7 8. f4
Qe7 9. Nf5 Qd8 10. Nxd6+ Bxd6 11. Qxd6 Qe7 12. Qxe7+ Nxe7 13. Be3 O-O 14. f5 Ne5
15. Bb3 Bd7 16. f6 gxf6 17. Bxh6 Rfe8 18. Rxf6 Be6 19. Bxe6 fxe6 20. Rxe6 Ng4
21. Bg5 1-0

[Event "No chess engine please!"]
[Site "http://www.queenalice.com/game.php?id=57930"]
[Date "2006.3.17"]
[Round "-"]
[White "thegreatzidane"]
[Black "alfreale"]
[Result "1-0"]
[WhiteElo "1689"]
[BlackElo "1763"]

1. e4 e5 2. Nf3 Nc6 3. Bb5 Nf6 4. O-O Bc5 5. Nc3 d6 6. d4 exd4 7. Nxd4 Bd7 8.
Nxc6 bxc6 9. Bc4 O-O 10. Bg5 h6 11. Bh4 g5 12. Bg3 Re8 13. Re1 Be6 14. Bxe6 Rxe6
15. e5 dxe5 16. Bxe5 Qxd1 17. Raxd1 Kf8 18. Bxf6 Rxf6 19. Ne4 Rf5 20. Nxc5 Rxc5
21. c3 Rb8 22. Re2 f6 23. Rd7 Rxb2 24. Rxb2 1-0

[Event "Challenge"]
[Site "http://www.queenalice.com/game.php?id=68454"]
[Date "2006.5.11"]
[Round "-"]
[White "blikinn"]
[Black "thegreatzidane"]
[Result "0-1"]
[WhiteElo "1940"]
[BlackElo "1866"]

1. e4 c5 2. Nf3 Nc6 3. d4 cxd4 4. Nxd4 Nf6 5. Nc3 e5 6. Nxc6 bxc6 7. Bg5 Be7 8.
Bc4 Bb7 9. Be3 d5 10. exd5 cxd5 11. Bb5+ Kf8 12. Bd2 d4 13. Ne2 Bxg2 14. Rg1 Bf3
15. Qc1 Rb8 16. Bc4 e4 17. Bh6 Ng4 18. Rxg4 Bxg4 19. Qf4 Bh5 20. Qe5 f6 21. Qxh5
Qe8 22. Qxe8+ Rxe8 23. Bd2 Rc8 24. Bb3 Bc5 25. Ng3 g6 26. O-O-O f5 27. Bh6+ Ke7
28. Kb1 Kf6 29. Bd2 Rhe8 30. h4 Ke5 31. Ne2 Rcd8 32. Bf4+ Kf6 33. Bg5+ Ke5 34.
Bxd8 Rxd8 35. Rg1 d3 36. cxd3 exd3 37. Nc3 Bxf2 38. Rh1 d2 39. Kc2 Be1 40. Kd1
f4 41. Rh3 Kf5 42. Ne2 h6 43. h5 g5 44. Ng1 g4 45. Rh1 f3 46. Bc4 Kf4 47. b3 Kg3
48. Nxf3 gxf3 49. a3 Kg2 50. Rf1 Rc8 0-1

[Event "AUTO-OPEN-269"]
[Site "http://www.queenalice.com/game.php?id=69095"]
[Date "2006.5.14"]
[Round "1"]
[White "Belfagor"]
[Black "thegreatzidane"]
[Result "0-1"]
[WhiteElo "1197"]
[BlackElo "1809"]

1. e4 c5 2. Nf3 d6 3. c3 Nc6 4. d4 cxd4 5. cxd4 e6 6. Bb5 Bd7 7. O-O Nf6 8. Bg5
Be7 9. Nc3 a6 10. Ba4 b5 11. Bc2 Rc8 12. a3 O-O 13. e5 dxe5 14. dxe5 Ne8 15.
Bxe7 Qxe7 16. h4 f6 17. exf6 Nxf6 18. Re1 h6 19. Qd3 Qf7 20. Ne4 Nxe4 21. Rxe4
Rfd8 22. Rg4 Qf5 0-1

[Event "AUTO-OPEN-269"]
[Site "http://www.queenalice.com/game.php?id=69096"]
[Date "2006.5.14"]
[Round "1"]
[White "thegreatzidane"]
[Black "Belfagor"]
[Result "1/2-1/2"]
[WhiteElo "1809"]
[BlackElo "1211"]

1. e4 e6 2. d4 d5 3. Nd2 c5 4. exd5 exd5 5. Ngf3 Nc6 6. Bb5 Bd6 7. dxc5 Bxc5 8.
Nb3 Qe7+ 9. Be2 Nf6 10. Bg5 Bxf2+ 11. Kxf2 Ne4+ 12. Kf1 Nxg5 13. Qxd5 Nxf3 14.
Bxf3 O-O 15. Re1 Qf6 16. c3 Bg4 17. Kf2 Rad8 18. Qe4 Bxf3 19. Qxf3 Qxf3+ 20.
Kxf3 Rd3+ 21. Kf2 Rfd8 22. Re3 Rxe3 1/2-1/2

[Event "AUTO-OPEN-269"]
[Site "http://www.queenalice.com/game.php?id=69117"]
[Date "2006.5.14"]
[Round "1"]
[White "Boeing"]
[Black "thegreatzidane"]
[Result "0-1"]
[WhiteElo "1856"]
[BlackElo "1908"]

1. e4 c5 2. Bc4 Nc6 3. Qf3 e6 4. c3 Ne5 5. Qe2 Nxc4 6. Qxc4 d5 7. exd5 exd5 8.
Qb5+ Qd7 9. Qxd7+ Bxd7 10. Nf3 Nf6 11. O-O O-O-O 12. Ne5 Be6 13. f4 Bd6 14. d4
Bxe5 15. fxe5 Ne4 16. dxc5 Nxc5 17. Bg5 Rd7 18. b4 Nd3 19. c4 dxc4 20. Rd1 Nxe5
21. Rxd7 Bxd7 22. Bf4 Nd3 23. Bd6 Re8 24. Bg3 Nxb4 25. a3 Nd5 26. Ra2 b5 27. Rd2
Nf6 28. Nc3 Ne4 29. Nxe4 Rxe4 30. Kf2 a5 31. h4 b4 32. axb4 axb4 33. Rd6 c3 34.
Kf3 Re6 35. Rd1 c2 36. Rc1 b3 37. Bf2 Rc6 38. Bd4 f6 39. Bb2 Rd6 40. Ke2 Bg4+
41. Ke1 Rd1+ 0-1

[Event "AUTO-OPEN-269"]
[Site "http://www.queenalice.com/game.php?id=69118"]
[Date "2006.5.14"]
[Round "1"]
[White "thegreatzidane"]
[Black "Boeing"]
[Result "1-0"]
[WhiteElo "1882"]
[BlackElo "1897"]

1. e4 e5 2. Nf3 d6 3. Bc4 Nc6 4. h3 Nf6 5. Ng5 Be6 6. Nxe6 fxe6 7. Bxe6 Qe7 8.
Bb3 Nxe4 9. Nc3 Nxc3 10. dxc3 O-O-O 11. Qg4+ Rd7 12. Bg5 Qe8 13. Be6 h5 14.
Bxd7+ Qxd7 15. Qxd7+ Kxd7 16. O-O d5 17. Rad1 d4 18. cxd4 exd4 19. c3 Bc5 20.
cxd4 Bd6 21. f4 Na5 22. b3 b5 23. f5 Ke8 24. f6 gxf6 25. Bxf6 Rh6 26. Be5 Ke7
27. Rf5 Nc6 28. Bxd6+ cxd6 29. Rxb5 a5 30. d5 1-0

[Event "Challenge"]
[Site "http://www.queenalice.com/game.php?id=78918"]
[Date "2006.6.21"]
[Round "-"]
[White "ak_9105"]
[Black "thegreatzidane"]
[Result "0-1"]
[WhiteElo "1836"]
[BlackElo "1809"]

1. e4 c5 2. Nf3 Nc6 3. d4 cxd4 4. Nxd4 Nf6 5. Nc3 e5 6. Ndb5 d6 7. Bg5 a6 8. Na3
b5 9. Nd5 Be7 10. Bxf6 Bxf6 11. c3 Bg5 12. Nc2 O-O 13. a4 bxa4 14. Rxa4 a5 15.
Bc4 Rb8 16. b3 Kh8 17. Nce3 g6 18. h4 Bxe3 19. Nxe3 f5 20. h5 g5 21. exf5 Bxf5
22. Nxf5 Rxf5 23. Bd3 Rf7 24. Rg4 Qb6 25. O-O d5 26. Bc2 Rbf8 27. Qd3 e4 28. Qe2
e3 29. f3 h6 30. g3 Ne5 31. Ra4 Nxf3+ 32. Kg2 Nd2 33. Raa1 Rf2+ 0-1

[Event "Challenge"]
[Site "http://www.queenalice.com/game.php?id=87608"]
[Date "2006.7.19"]
[Round "-"]
[White "Croftsy"]
[Black "thegreatzidane"]
[Result "0-1"]
[WhiteElo "1589"]
[BlackElo "1929"]

1. Nc3 e5 2. e4 Nf6 3. d4 exd4 4. Qxd4 Nc6 5. Qd1 Bb4 6. Bd2 O-O 7. a3 Bxc3 8.
Bxc3 Nxe4 9. Bd3 Nxc3 10. bxc3 Qf6 11. c4 d6 12. Nf3 Bg4 13. O-O Ne5 14. Be2
Nxf3+ 15. Bxf3 Bxf3 16. Qxf3 Qxf3 17. gxf3 Rfe8 18. Rab1 b6 19. f4 Re2 20. Rbc1
Rae8 21. c3 R8e4 22. f5 Rf4 23. c5 Rxf5 24. cxd6 cxd6 25. Rcd1 Re6 26. Rfe1
Rxe1+ 27. Rxe1 Kf8 28. Rd1 Ke7 29. c4 Rc5 30. Re1+ Kd7 31. Re4 d5 32. Rd4 Kd6
33. Rf4 f6 34. Rh4 Rxc4 35. Rxh7 Rg4+ 36. Kf1 Kc5 37. h3 Rg5 38. f4 Rg3 39. h4
d4 40. h5 d3 41. Ke1 Kd4 42. Kd2 Rg2+ 43. Kd1 Kc3 44. Rh8 Rg1# 0-1

[Event "Challenge"]
[Site "http://www.queenalice.com/game.php?id=90318"]
[Date "2006.7.28"]
[Round "-"]
[White "thegreatzidane"]
[Black "ak_9105"]
[Result "1-0"]
[WhiteElo "1932"]
[BlackElo "1688"]

1. e4 e5 2. Nf3 Nf6 3. Nxe5 d6 4. Nf3 Nxe4 5. Nc3 Nxc3 6. dxc3 Be7 7. Be3 Be6 8.
Nd4 Bd7 9. Qd2 Nc6 10. Nf3 O-O 11. O-O-O Be6 12. Kb1 Ne5 13. Be2 c6 14. Nd4 Nc4
15. Bxc4 Bxc4 16. Rhe1 f5 17. b3 Ba6 18. Ne6 1-0

[Event "Challenge"]
[Site "http://www.queenalice.com/game.php?id=102855"]
[Date "2006.9.5"]
[Round "-"]
[White "keypusher"]
[Black "thegreatzidane"]
[Result "1/2-1/2"]
[WhiteElo "1930"]
[BlackElo "1906"]

1. e4 c5 2. Nf3 Nc6 3. Bb5 d6 4. O-O Bd7 5. Re1 Nf6 6. c3 a6 7. Bf1 Bg4 8. h3
Bxf3 9. Qxf3 g6 10. Qd1 Bg7 11. d4 cxd4 12. cxd4 O-O 13. Nc3 Qb6 14. d5 Ne5 15.
Rb1 Rac8 16. Be3 Qc7 17. Bd4 Nc4 18. b3 Na3 19. Rc1 Bh6 20. Be3 Bxe3 21. Rxe3
Qb6 22. Na4 Qb4 23. f3 Nh5 24. Kh2 e5 25. Qe1 Qxe1 26. Rexe1 f5 27. exf5 gxf5
28. Nb6 Rxc1 29. Rxc1 Nf6 30. Kg1 Kg7 31. Kf2 f4 32. Bd3 Rf7 33. Rc8 Nb5 34. Ke1
Nd7 35. Nxd7 Rxd7 36. Kd2 Nd4 37. b4 Kh6 38. Rh8 Rg7 39. Kc3 Rc7+ 40. Kb2 Rd7
41. a4 Rg7 42. Ka3 Rd7 43. Kb2 Rg7 1/2-1/2

[Event "AUTO-OPEN-269"]
[Site "http://www.queenalice.com/game.php?id=105255"]
[Date "2006.9.12"]
[Round "2"]
[White "McKnights"]
[Black "thegreatzidane"]
[Result "1-0"]
[WhiteElo "1898"]
[BlackElo "1919"]

1. e4 c5 2. Nf3 Nc6 3. Nc3 e6 4. d4 cxd4 5. Nxd4 Qc7 6. Be3 a6 7. Be2 b5 8. O-O
Nf6 9. Bf3 Bb7 10. Nxc6 dxc6 11. Qe2 Bd6 12. g3 O-O 13. Rad1 c5 14. Bg5 Be5 15.
Rfe1 h6 16. Bxf6 Bxf6 17. Qe3 Bd4 18. Qd3 Rfd8 19. Qe2 b4 20. Na4 Bc6 21. b3 Bb5
22. Qd2 Bxa4 23. bxa4 Bc3 24. Qe2 Bxe1 25. Rxe1 Ra7 26. Kg2 Qa5 27. Qe3 Rc7 28.
Qf4 Rcd7 29. Re2 Qxa4 30. h4 c4 31. g4 c3 32. g5 hxg5 33. hxg5 Rd2 34. g6 fxg6
35. Qg4 Qxa2 36. Qxg6 Rf8 37. e5 1-0

[Event "AUTO-OPEN-269"]
[Site "http://www.queenalice.com/game.php?id=105256"]
[Date "2006.9.12"]
[Round "2"]
[White "thegreatzidane"]
[Black "McKnights"]
[Result "0-1"]
[WhiteElo "1940"]
[BlackElo "1880"]

1. e4 d5 2. exd5 Nf6 3. Nc3 Nxd5 4. Nxd5 Qxd5 5. Qf3 Be6 6. Qxd5 Bxd5 7. Ne2 Nc6
8. Nc3 O-O-O 9. Nxd5 Rxd5 10. c3 f6 11. Bc4 Re5+ 12. Kf1 g6 13. d4 Rf5 14. Be6+
Kb8 15. Bxf5 gxf5 16. Be3 e5 17. dxe5 fxe5 18. Rd1 Bd6 19. f3 f4 20. Bf2 Ne7 21.
g3 Ng6 22. Kg2 Rg8 23. g4 h5 24. h3 Ne7 25. Rhe1 b6 26. b4 Kb7 27. a3 Kc6 28.
Bh4 Nf5 29. Bf2 Ne7 30. c4 Ng6 31. c5 bxc5 32. bxc5 Bxc5 33. Rc1 Kb6 34. Bxc5+
Kb7 0-1

[Event "uai sô"]
[Site "http://www.queenalice.com/game.php?id=131754"]
[Date "2006.11.20"]
[Round "-"]
[White "waleriot"]
[Black "thegreatzidane"]
[Result "0-1"]
[WhiteElo "1629"]
[BlackElo "1901"]

1. d4 Nf6 2. Nf3 e6 3. Nc3 Bb4 4. Qd3 d5 5. Bd2 O-O 6. O-O-O Nbd7 7. e4 Bxc3 8.
Qxc3 Nxe4 9. Qd3 Nxf2 10. Qe2 Nxh1 11. g4 Nf6 12. Bg2 Nf2 13. Qxf2 Nxg4 14. Qg3
f5 15. h3 Nf6 16. Ne5 Ne4 17. Bxe4 fxe4 18. Bh6 Qf6 19. Rg1 Qxh6+ 20. Kd1 Rf5
21. Ng4 Qg6 22. Qxc7 h5 23. Kd2 hxg4 24. hxg4 Rf2+ 25. Ke1 e3 26. Rf1 Rxf1+ 27.
Kxf1 Qf6+ 28. Ke2 Qf2+ 29. Kd3 Qd2# 0-1

[Event "Challenge"]
[Site "http://www.queenalice.com/game.php?id=163987"]
[Date "2007.2.5"]
[Round "-"]
[White "thegreatzidane"]
[Black "ak_9105"]
[Result "0-1"]
[WhiteElo "1907"]
[BlackElo "1957"]

1. e4 d5 2. exd5 Nf6 3. Nf3 Nxd5 4. g3 g6 5. Bg2 Bg7 6. O-O Nc6 7. d4 O-O 8. c3
Bg4 9. Nbd2 Qd7 10. Ne4 b6 11. Re1 Rfe8 12. Qa4 h6 13. h3 Nxd4 14. Qxd7 Nxf3+
15. Bxf3 Bxd7 16. c4 Nb4 17. Nc3 Bc6 18. Bxc6 Nxc6 19. Nd5 Rac8 0-1

[Event "Challenge"]
[Site "http://www.queenalice.com/game.php?id=163988"]
[Date "2007.2.5"]
[Round "-"]
[White "ak_9105"]
[Black "thegreatzidane"]
[Result "1-0"]
[WhiteElo "1971"]
[BlackElo "1893"]

1. e4 c5 2. Nf3 Nc6 3. d4 cxd4 4. Nxd4 e5 5. Nb5 d6 6. N1c3 a6 7. Na3 b5 8. Nd5
Nf6 9. c4 Nxd5 10. Qxd5 Bd7 11. cxb5 Nd4 12. bxa6 Bc6 13. Bb5 Qa5+ 14. Bd2 Qxb5
15. Nxb5 Bxd5 16. Nc7+ Kd8 17. Ba5 Kd7 18. exd5 1-0